| 000 | 00483nam a22001577a 4500 | ||
|---|---|---|---|
| 082 | _aBEE-4 AQE | ||
| 100 |
_aMuhammad Aqeel _992434 |
||
| 245 | _aSmart panel metering system | ||
| 260 |
_aIslamabad _bNUST-SEECS _c2016 |
||
| 300 |
_a45p. _b27cm. _eCD Includes |
||
| 500 | _aSupervisors: Tassawar Kazmi, Dr. Syed Ali Hasan | ||
| 700 |
_aM. Aamir Abbas _992435 |
||
| 700 |
_aAli Waqar Durrani _992436 |
||
| 856 | _uhttp://10.250.8.41:8080/xmlui/handle/123456789/6713 | ||
| 942 |
_cPR _2ddc |
||
| 999 |
_c13645 _d13645 |
||